भुवनशोम (Record no. 174009)

MARC details
000 -LEADER
fixed length control field 00392nam a2200157Ia 4500
008 - FIXED-LENGTH DATA ELEMENTS--GENERAL INFORMATION
fixed length control field 090124s9999 xx 000 0 und d
082 ## - DEWEY DECIMAL CLASSIFICATION NUMBER
Item number 127920
245 ## - TITLE STATEMENT
Title भुवनशोम
250 ## - EDITION STATEMENT
Edition statement 1
260 ## - PUBLICATION, DISTRIBUTION, ETC. (IMPRINT)
Date of publication, distribution, etc 1997
300 ## - PHYSICAL DESCRIPTION
Extent 96
630 ## - SUBJECT ADDED ENTRY--UNIFORM TITLE
Uniform title भुवनशोम
700 ## - ADDED ENTRY--PERSONAL NAME
Personal name महाम्बरे अरुंधती
730 ## - ADDED ENTRY--UNIFORM TITLE
Uniform title भुवनशोम
942 ## - ADDED ENTRY ELEMENTS (KOHA)
Koha item type Book
Holdings
Withdrawn status Lost status Damaged status Not for loan Home library Current library Date acquired Cost, normal purchase price Total Checkouts Full call number Barcode Date last seen Cost, replacement price Price effective from Koha item type
        Marathi Granth Sangrahalaya,Thane Marathi Granth Sangrahalaya,Thane   70.00   127920 THNMGS-127920 01/24/2009 70.00 01/24/2009 Book